Animals That Are Kind of Found In New York - Statistics

General Stats
  • This quiz has been taken 15 times
  • The average score is 4 of 26
Answers on the Grid
Answers color-coded by a green-red scale on the quiz's grid according to % correct below.
Anhinga
White Tailed Deer
Harp Seal
Guinea Fowl
Canadian Lynx
Mountain lion
Hellbender
Mallard
Parakeets
Timber Wolf
Red Tailed Hawk
Eastern Massasauga
Plains Zebra
Chinese Mitten Crab
Pronghorn Antelope
Shorthead Garter Snake
Boreal Chorus Frog
Eastern bluebird
Queen Snake
Stellar's Sea Lion
Coyote
Red Kite
Eastern Fence Lizard
Eastern Spadefoot Toad
Eurasian Eagle-Owl
American Flamingo
Eastern Velvet Ant
Red Fox
Pickerel Frog
Easter Red Cedar
American Coot
Box Sucker
Diamondback Terrapin
Horseshoe Crab
Burbot
Cedar Waxwing
Alewife
Weather Loach
Mummichog
Ironcolor Shiner
Moose
Wood Frog
Elk
Black and White Warbler
Coal Skink
Great Gray Owl
Least Weasel
 
Answer Stats
Answer % Correct
American Flamingo
33%
Chinese Mitten Crab
33%
Eastern Massasauga
33%
Canadian Lynx
22%
Coyote
22%
Diamondback Terrapin
22%
Eastern Velvet Ant
22%
Hellbender
22%
Mountain lion
22%
Shorthead Garter Snake
22%
Timber Wolf
22%
Anhinga
11%
Burbot
11%
Eastern Spadefoot Toad
11%
Eurasian Eagle-Owl
11%
Harp Seal
11%
Least Weasel
11%
Parakeets
11%
Black and White Warbler
0%
Boreal Chorus Frog
0%
Coal Skink
0%
Eastern Fence Lizard
0%
Great Gray Owl
0%
Guinea Fowl
0%
Ironcolor Shiner
0%
Queen Snake
0%
No matching quizzes found
Score Distribution
Percent of People with Each Score
Percentile by Number Answered
Your Score History
You have not taken this quiz